MARC

LEADER 00000naa2a2200000 4500
001 621419
005 20240417111610.0
035 |a (RuTPU)RU\TPU\conf\20014 
035 |a RU\TPU\conf\19998 
090 |a 621419 
100 |a 20161221d2016 k y0engy50 ba 
101 0 |a eng 
102 |a RU 
105 |a y z 101zy 
135 |a drgn ---uucaa 
181 0 |a i  
182 0 |a b 
200 1 |a Luminescent properties and morphology of ZnWO[4] powders synthesized by hydrothermal method  |f A. Marhabaeva [et al.] 
203 |a Текст  |c электронный 
300 |a Title screen 
463 0 |0 (RuTPU)RU\TPU\conf\19513  |t Energy Fluxes and Radiation Effects (EFRE-2016)  |o International Congress, October 2–7, 2016, Tomsk, Russia  |o abstracts  |f National Research Tomsk Polytechnic University (TPU) ; eds. B. M. Kovalchuk [et al.]  |v [P. 386]  |d 2016 
610 1 |a труды учёных ТПУ 
610 1 |a электронный ресурс 
610 1 |a люминесцентные свойства 
610 1 |a морфология 
610 1 |a порошки 
610 1 |a цинк 
610 1 |a люминесценция 
610 1 |a гидротермальный синтез 
610 1 |a сцинтилляторы 
610 1 |a phase structure 
610 1 |a scintillators 
610 1 |a hydrothermal synthesis 
610 1 |a luminescence 
610 1 |a zinc tungstate 
701 1 |a Marhabaeva  |b A.  |g Aiymgul 
701 1 |a Polisadova  |b E. F.  |c specialist in the field of lighting engineering  |c professor of Tomsk Polytechnic University, doctor of physical and mathematical sciences  |f 1972-  |g Elena Fyodorovna  |y Tomsk  |7 ba  |8 eng  |3 (RuTPU)RU\TPU\pers\33900  |9 17473 
701 1 |a Lisitsyn  |b V. M.  |c physicist  |c Russian physicist  |c Professor of Tomsk Polytechnic University, Candidate of physical and mathematical sciences  |f 1939-  |g Viktor Mikhailovich  |3 (RuTPU)RU\TPU\pers\28330  |9 13239 
701 1 |a Valiev  |b D. T.  |c specialist in the field of material science  |c Associate Professor of Tomsk Polytechnic University, Candidate of Physical and Mathematical Sciences  |f 1987-  |g Damir Talgatovich  |3 (RuTPU)RU\TPU\pers\33772  |9 17370 
701 1 |a Abdullin  |b K.  |g Khabibula 
701 1 |a Nemkaeva  |b R.  |g Renata 
712 0 2 |a Национальный исследовательский Томский политехнический университет (ТПУ)  |b Институт физики высоких технологий (ИФВТ)  |b Кафедра лазерной и световой техники (ЛиСТ)  |3 (RuTPU)RU\TPU\col\18690 
801 2 |a RU  |b 63413507  |c 20161230  |g RCR 
856 4 |u http://earchive.tpu.ru/handle/11683/35877 
942 |c BK